[Event "52nd Biel Grandmaster 2019"]
[Site "Biel SUI"]
[Date "2019.07.30"]
[Round "7"]
[White "Maghsoodloo, Parham"]
[Black "Vidit, Santosh Gujrathi"]
[Result "0-1"]
[WhiteElo "2656"]
[BlackElo "2703"]
[PlyCount "60"]
[EventDate "2019.07.22"]

1. Nf3 Nf6 2. g3 c5 3. Bg2 Nc6 4. O-O e5 5. d3 d5 6. c3 Be7 7. Nbd2 O-O 8. e4
Re8 9. Qb3 d4 10. Nc4 Nd7 11. Bd2 Rb8 12. a4 b6 13. Bh3 Ba6 14. Rac1 dxc3 15.
Bxc3 Rb7 16. Rcd1 Bf8 17. Rfe1 Qf6 18. Bxd7 Rxd7 19. Nfxe5 Nxe5 20. Nxe5 Rxe5
21. f4 Qe6 22. Qc2 Rh5 23. f5 Qc6 24. Be5 Bb7 25. g4 Rh4 26. Qg2 Bd6 27. d4
cxd4 28. Bxd6 Qxd6 29. e5 Qd5 30. Qxd5 Rxg4+ 0-1

[Event "52nd Biel Grandmaster 2019"]
[Site "Biel SUI"]
[Date "2019.07.30"]
[Round "7"]
[White "Cori, Jorge"]
[Black "Georgiadis, Nico"]
[Result "0-1"]
[WhiteElo "2686"]
[BlackElo "2514"]
[PlyCount "58"]
[EventDate "2019.07.22"]

1. c4 e6 2. Nf3 d5 3. e3 Nf6 4. Nc3 c5 5. cxd5 exd5 6. d4 a6 7. Be2 Nc6 8. O-O
Bd6 9. dxc5 Bxc5 10. b3 O-O 11. Bb2 Ba7 12. Rc1 Re8 13. Na4 Ne4 14. Nd4 Qg5 15.
Nxc6 bxc6 16. Bd4 Bh3 17. Bf3 Re6 18. Kh1 Rg6 19. g3 Bxf1 20. Bxe4 dxe4 21.
Bxa7 Rxa7 22. Qxf1 Rd6 23. Nc5 Qg4 24. Qc4 Re7 25. Qxa6 h5 26. Qa8+ Kh7 27. Qb8
Qf3+ 28. Kg1 Rf6 29. Rf1 h4 0-1

[Event "52nd Biel Grandmaster 2019"]
[Site "Biel SUI"]
[Date "2019.07.30"]
[Round "7"]
[White "Shankland, Sam"]
[Black "Leko, Peter"]
[Result "1/2-1/2"]
[WhiteElo "2713"]
[BlackElo "2674"]
[PlyCount "148"]
[EventDate "2019.07.22"]

1. e4 e5 2. Nf3 Nc6 3. Bc4 Bc5 4. O-O Nf6 5. d3 d6 6. c3 a6 7. a4 Ba7 8. Re1
O-O 9. h3 h6 10. Nbd2 Re8 11. b4 Be6 12. Bxe6 Rxe6 13. Qc2 Qd7 14. Nf1 d5 15.
Be3 Bxe3 16. Nxe3 Rd8 17. b5 Ne7 18. c4 d4 19. Nf5 Re8 20. N3h4 Ng6 21. g3 Kh7
22. Kh2 Nxh4 23. Nxh4 Nh5 24. Reb1 Ra8 25. Ra2 g6 26. c5 Ng7 27. Qc4 axb5 28.
axb5 Rxa2 29. Qxa2 Rf6 30. Kg2 Ne6 31. Nf3 Rxf3 32. Kxf3 Ng5+ 33. Ke2 Qxh3 34.
Qc2 h5 35. Kd2 h4 36. gxh4 Nf3+ 37. Kc1 Ne1 38. Qc4 Qf3 39. Rb3 Qxf2 40. b6 c6
41. Ra3 Kg7 42. Ra7 Qf1 43. Kd2 Nf3+ 44. Kc2 Qe2+ 45. Kc1 Ne1 46. Ra3 Qf2 47.
Ra7 Qf1 48. Kd2 Ng2 49. Qb3 Nf4 50. Ra3 Qf2+ 51. Kc1 Qxh4 52. Kb2 Qe7 53. Ra7
g5 54. Ka2 g4 55. Qd1 Qe6+ 56. Ka3 Qc8 57. Qe1 Nxd3 58. Qh4 f6 59. Ra5 Nf4 60.
Ra7 d3 61. Kb2 Kg6 62. Kc3 d2 63. Kxd2 Qd7+ 64. Kc1 Ne2+ 65. Kc2 Nd4+ 66. Kb2
Nf3 67. Qf2 Qd3 68. Rxb7 Nd4 69. Rb8 Qb3+ 70. Kc1 Qc4+ 71. Kb1 Qd3+ 72. Kb2
Qb3+ 73. Kc1 Qc4+ 74. Kb1 Qd3+ 1/2-1/2

[Event "Biel Master Open 2019"]
[Site "Biel SUI"]
[Date "2019.07.28"]
[Round "6"]
[White "Xiong, Jeffery"]
[Black "Donchenko, Alexander"]
[Result "1-0"]
[WhiteElo "2691"]
[BlackElo "2615"]
[PlyCount "57"]
[EventDate "2019.07.22"]

1. e4 c5 2. Nf3 d6 3. d4 cxd4 4. Nxd4 Nf6 5. Nc3 a6 6. Bg5 e6 7. f4 Nbd7 8. Qe2
Qc7 9. O-O-O Be7 10. g4 b5 11. a3 Bb7 12. Bh4 h6 13. g5 hxg5 14. Bxg5 Rc8 15.
h4 Qa5 16. Rh3 Rxc3 17. Rxc3 Nxe4 18. Re3 d5 19. Bh3 Qb6 20. Bxe7 Kxe7 21. Qe1
g6 22. Qg1 Kf8 23. Bxe6 fxe6 24. Qxg6 Ndf6 25. Rxe4 Nxe4 26. f5 Rxh4 27. fxe6
Qc7 28. Rf1+ Rf4 29. Qh6+ 1-0

[Event "Biel Master Open 2019"]
[Site "Biel SUI"]
[Date "2019.07.29"]
[Round "7"]
[White "Salem, A.R. Saleh"]
[Black "Xiong, Jeffery"]
[Result "1/2-1/2"]
[WhiteElo "2672"]
[BlackElo "2691"]
[PlyCount "51"]
[EventDate "2019.07.22"]

1. Nf3 d5 2. g3 Nd7 3. Bg2 e5 4. O-O Bd6 5. d3 c6 6. e4 Ngf6 7. Nc3 O-O 8. Nh4
dxe4 9. Nf5 Bc5 10. Bg5 g6 11. Nh6+ Kh8 12. dxe4 Be7 13. Qd2 Ng8 14. Be3 Ndf6
15. Qxd8 Bxd8 16. Bc5 Be7 17. Nxg8 Nxg8 18. Bxe7 Nxe7 19. f4 Be6 20. Rad1 Rad8
21. Bf3 f6 22. Kf2 Kg7 23. Ke3 Nc8 24. b3 Nd6 25. Be2 Rfe8 26. fxe5 1/2-1/2

[Event "Biel Master Open 2019"]
[Site "Biel SUI"]
[Date "2019.07.30"]
[Round "8"]
[White "Xiong, Jeffery"]
[Black "Tabatabaei, M.amin"]
[Result "0-1"]
[WhiteElo "2691"]
[BlackElo "2601"]
[PlyCount "50"]
[EventDate "2019.07.22"]

1. d4 Nf6 2. c4 e6 3. Nf3 d5 4. g3 Be7 5. Bg2 O-O 6. O-O Nbd7 7. Qd3 b6 8. cxd5
exd5 9. Nc3 Bb7 10. Ne5 Re8 11. Bf4 c5 12. Rfd1 cxd4 13. Nb5 Nc5 14. Qf3 Nce4
15. Nd3 Rc8 16. Bh3 Rc4 17. Ne5 Bc5 18. e3 Rxe5 19. Bxe5 Ng5 20. Qf5 Nxh3+ 21.
Qxh3 dxe3 22. Bd4 Qe8 23. Bxc5 bxc5 24. Nd6 exf2+ 25. Kf1 Rc2 0-1

[Event "Belt and Road Hunan Open 2019"]
[Site "Changsha"]
[Date "2019.07.29"]
[Round "1"]
[White "Wei, Yi"]
[Black "Tan, Zhongyi"]
[Result "1/2-1/2"]
[WhiteElo "2737"]
[BlackElo "2511"]
[PlyCount "67"]
[EventDate "2019.07.29"]

1. Nf3 d5 2. c4 e6 3. g3 Nf6 4. Bg2 d4 5. e3 Nc6 6. O-O Be7 7. exd4 Nxd4 8.
Nxd4 Qxd4 9. d3 O-O 10. Nc3 Rd8 11. Nb5 Qd7 12. Bf4 Ne8 13. Qb3 Nd6 14. Rfd1 c6
15. Nxd6 Bxd6 16. Be3 e5 17. d4 exd4 18. Rxd4 Qc7 19. c5 Be5 20. Rxd8+ Qxd8 21.
Re1 Qa5 22. Rd1 Qc7 23. Qc2 Be6 24. f4 Bf6 25. Be4 h6 26. b3 Re8 27. Re1 Qa5
28. Kf2 Qb4 29. Rd1 Bg4 30. Bf3 Bxf3 31. Kxf3 Qa5 32. a4 Rd8 33. Rxd8+ Qxd8 34.
Qd2 1/2-1/2

[Event "Belt and Road Hunan Open 2019"]
[Site "Changsha"]
[Date "2019.07.29"]
[Round "1"]
[White "Dai, Changren"]
[Black "Yu, Yangyi"]
[Result "1/2-1/2"]
[WhiteElo "2510"]
[BlackElo "2736"]
[PlyCount "46"]
[EventDate "2019.07.29"]

1. e4 c5 2. Nf3 Nc6 3. d4 cxd4 4. Nxd4 Nf6 5. Nc3 e5 6. Ndb5 d6 7. Bg5 a6 8.
Na3 b5 9. Bxf6 gxf6 10. Nd5 f5 11. exf5 Bxf5 12. c3 Bg7 13. Nc2 O-O 14. Nce3
Be6 15. Bd3 f5 16. Bc2 Rf7 17. Qh5 f4 18. Bxh7+ Kf8 19. Bf5 Qe8 20. Bxe6 Qxe6
21. Qg4 Qh6 22. Nf5 Qe6 23. Nfe3 Qh6 1/2-1/2

[Event "Belt and Road Hunan Open 2019"]
[Site "Changsha"]
[Date "2019.07.29"]
[Round "1"]
[White "Wang, Hao"]
[Black "Lei, Tingjie"]
[Result "1-0"]
[WhiteElo "2725"]
[BlackElo "2505"]
[PlyCount "97"]
[EventDate "2019.07.29"]

1. e4 e5 2. Nf3 Nf6 3. Nxe5 d6 4. Nf3 Nxe4 5. Nc3 Nxc3 6. dxc3 Be7 7. Be3 Nd7
8. Qd2 O-O 9. O-O-O c6 10. Kb1 Re8 11. Bd3 d5 12. h4 Bc5 13. Bf4 Nf6 14. Rde1
Be6 15. Ng5 Bd7 16. Be5 Ne4 17. Bxe4 dxe4 18. Qf4 f6 19. Qxe4 fxg5 20. hxg5
Qxg5 21. f4 Qg4 22. Qc4+ Be6 23. Qxc5 Bd5 24. b3 Be6 25. Qb4 b6 26. Qe4 Qg6 27.
Qxc6 Rac8 28. Qb7 Rcd8 29. Re2 Bg4 30. Rf2 Rd7 31. Qa6 Qc6 32. Bd4 Bf5 33. Re2
Rc8 34. Rhe1 Rd5 35. Qxa7 Bxc2+ 36. Kb2 Rxd4 37. cxd4 Qc3+ 38. Ka3 Bg6 39. Qa6
Bf7 40. Re3 Qc2 41. Re7 Qc6 42. Qd3 Ra8+ 43. Kb2 Qxg2+ 44. R1e2 Qg4 45. Qe4 Rf8
46. Rg2 Qd1 47. Qe5 g6 48. Qf6 Qf3 49. Rc2 1-0

[Event "Belt and Road Hunan Open 2019"]
[Site "Changsha"]
[Date "2019.07.29"]
[Round "1"]
[White "Xu, Zhihang"]
[Black "Le, Quang Liem"]
[Result "1/2-1/2"]
[WhiteElo "2501"]
[BlackElo "2713"]
[PlyCount "112"]
[EventDate "2019.07.29"]

1. d4 Nf6 2. c4 e6 3. Nc3 Bb4 4. e3 O-O 5. Bd3 d5 6. Nf3 dxc4 7. Bxc4 c5 8. O-O
Nc6 9. dxc5 Bxc5 10. a3 Bd6 11. Nb5 Bb8 12. Qxd8 Rxd8 13. Nbd4 Bd7 14. b4 Rc8
15. Nxc6 Bxc6 16. Be2 Bd5 17. Bd2 Ne4 18. Rfc1 Bc7 19. Be1 Bd8 20. Nd4 Bf6 21.
f3 Bxd4 22. exd4 Nd6 23. Bd3 Kf8 24. Kf2 Ke7 25. Ke3 h6 26. Bg3 g5 27. Rc5 b6
28. Rcc1 Nf5+ 29. Bxf5 exf5 30. Be1 Kd6 31. Kf2 Rc4 32. Rxc4 Bxc4 33. Bc3 Rc8
34. Rc1 Kd5 35. h4 f4 36. hxg5 hxg5 37. g3 fxg3+ 38. Kxg3 Re8 39. Re1 Rxe1 40.
Bxe1 Kxd4 41. Kg4 Be2 42. Kxg5 Bxf3 43. Bg3 Kc4 44. Kf6 Bd5 45. Bb8 a6 46. Bc7
b5 47. Ke5 Be6 48. Ba5 Kb3 49. Kf4 Kxa3 50. Ke5 f5 51. Kf4 Kb3 52. Ke5 Kc4 53.
Kf4 Kd5 54. Bd8 Bc8 55. Bc7 Kc4 56. Ba5 Kd5 1/2-1/2

[Event "Belt and Road Hunan Open 2019"]
[Site "Changsha"]
[Date "2019.07.29"]
[Round "1"]
[White "Amin, Bassem"]
[Black "Radovanovic, Mihajlo"]
[Result "1/2-1/2"]
[WhiteElo "2707"]
[BlackElo "2500"]
[PlyCount "92"]
[EventDate "2019.07.29"]

1. e4 e6 2. d3 d5 3. Nd2 Nf6 4. Ngf3 Nc6 5. c3 Bd6 6. g3 O-O 7. Bg2 dxe4 8.
dxe4 e5 9. O-O a5 10. Qc2 Bc5 11. Nc4 Qe7 12. Nh4 Qe6 13. Ne3 Ne7 14. Kh1 Ng4
15. Nxg4 Qxg4 16. f4 exf4 17. Bxf4 c6 18. Rad1 Qh5 19. Bf3 Bg4 20. Qe2 Bxf3+
21. Qxf3 Qxf3+ 22. Nxf3 Ng6 23. Rd7 b5 24. Bd6 Bxd6 25. Rxd6 Rac8 26. e5 Rfe8
27. Re1 Kf8 28. h4 h5 29. Kg2 Re7 30. e6 Rxe6 31. Rexe6 fxe6 32. Rxe6 Ne7 33.
Kf2 Rd8 34. Re5 Rd1 35. Rxh5 Rb1 36. Rh8+ Ng8 37. b3 Rb2+ 38. Ke3 Rxa2 39. Nd4
a4 40. bxa4 Rxa4 41. Kd3 b4 42. cxb4 Rxb4 43. g4 c5 44. Ne6+ Kf7 45. Ng5+ Kf8
46. Ne4 g6 1/2-1/2

[Event "Belt and Road Hunan Open 2019"]
[Site "Changsha"]
[Date "2019.07.29"]
[Round "1"]
[White "Lou, Yiping"]
[Black "Matlakov, Maxim"]
[Result "1/2-1/2"]
[WhiteElo "2489"]
[BlackElo "2701"]
[PlyCount "58"]
[EventDate "2019.07.29"]

1. d4 d5 2. c4 c6 3. Nc3 Nf6 4. e3 e6 5. Nf3 Nbd7 6. Qc2 Bd6 7. Bd3 O-O 8. O-O
dxc4 9. Bxc4 e5 10. h3 Qe7 11. a3 Bc7 12. Bd2 h6 13. Ba2 e4 14. Nh4 Nb6 15. Ng6
Qd6 16. Ne5 Be6 17. Nxe4 Nxe4 18. Qxe4 Bxa2 19. Rxa2 Qe6 20. Qb1 Bxe5 21. dxe5
Qxe5 22. Bc3 Qe7 23. Rd1 Rfd8 24. Ra1 Rxd1+ 25. Qxd1 Rd8 26. Qg4 f6 27. Rd1
Rxd1+ 28. Qxd1 Nd5 29. Qd4 Nxc3 1/2-1/2

[Event "Belt and Road Hunan Open 2019"]
[Site "Changsha"]
[Date "2019.07.30"]
[Round "2"]
[White "Lu, Shanglei"]
[Black "Wang, Hao"]
[Result "1/2-1/2"]
[WhiteElo "2619"]
[BlackElo "2725"]
[PlyCount "41"]
[EventDate "2019.07.29"]

1. e4 c6 2. Nc3 d5 3. Nf3 Bg4 4. h3 Bxf3 5. Qxf3 Nf6 6. d3 e6 7. Bd2 Qb6 8. Na4
Qd4 9. Nc3 Qb6 10. Na4 Qc7 11. Nc3 d4 12. Ne2 c5 13. g4 Nc6 14. g5 Nd7 15. Qg3
Bd6 16. f4 Nb4 17. Kd1 O-O-O 18. b3 h6 19. g6 f5 20. e5 Be7 21. Qf3 1/2-1/2

[Event "Belt and Road Hunan Open 2019"]
[Site "Changsha"]
[Date "2019.07.30"]
[Round "2"]
[White "Radovanovic, Mihajlo"]
[Black "Wei, Yi"]
[Result "0-1"]
[WhiteElo "2500"]
[BlackElo "2737"]
[PlyCount "94"]
[EventDate "2019.07.29"]

1. d4 Nf6 2. c4 e6 3. Nc3 Bb4 4. a3 Bxc3+ 5. bxc3 c5 6. e3 Nc6 7. Bd3 O-O 8.
Ne2 b6 9. e4 Ne8 10. O-O Ba6 11. f4 f5 12. Ng3 g6 13. Be3 cxd4 14. cxd4 d5 15.
cxd5 Bxd3 16. Qxd3 fxe4 17. Nxe4 Qxd5 18. Rad1 Rd8 19. Rfe1 Ng7 20. Ng5 e5 21.
fxe5 Nxe5 22. Qe4 Nc4 23. Bc1 Nf5 24. Qe6+ Kh8 25. Re4 h6 26. Qxg6 hxg5 27. Rd3
Qxe4 28. Rh3+ Qh4 29. Rxh4+ gxh4 30. Qh5+ Kg7 31. Qg5+ Kh7 32. Qh5+ Kg8 33.
Qg6+ Kh8 34. Qh5+ Kg8 35. Qg6+ Ng7 36. Bh6 Rd7 37. Bxg7 Rxg7 38. Qe6+ Kh8 39.
Qh6+ Kg8 40. Qe6+ Kh7 41. Qxc4 Rfg8 42. Qd3+ Kh8 43. Qe4 Rxg2+ 44. Qxg2 b5 45.
Qxg8+ Kxg8 46. Kg2 a5 47. Kf3 a4 0-1

[Event "Belt and Road Hunan Open 2019"]
[Site "Changsha"]
[Date "2019.07.30"]
[Round "2"]
[White "Yu, Yangyi"]
[Black "Xu, Zhihang"]
[Result "1-0"]
[WhiteElo "2736"]
[BlackElo "2501"]
[PlyCount "173"]
[EventDate "2019.07.29"]

1. e4 c5 2. Nf3 Nc6 3. d4 cxd4 4. Nxd4 g6 5. c4 Nf6 6. Nc3 d6 7. Nc2 Bg7 8. Be2
Nd7 9. Bd2 O-O 10. O-O a5 11. Be3 Nc5 12. f3 Be6 13. Qd2 a4 14. Rac1 Qa5 15.
Na3 Rfc8 16. Rfd1 Qb4 17. Bf1 Nd7 18. Rc2 Nce5 19. Rdc1 Qa5 20. Nd5 Qxd2 21.
Bxd2 Nc6 22. Nb5 Kf8 23. Be3 Rab8 24. b4 axb3 25. axb3 Nc5 26. b4 Na6 27. Bd2
Nd4 28. Nxd4 Bxd4+ 29. Kh1 Nc7 30. Bh6+ Ke8 31. Rd2 Bxd5 32. cxd5 Bb6 33. Rdc2
Kd8 34. Bg5 f6 35. Bd2 Na6 36. g3 Rxc2 37. Rxc2 Nc7 38. h4 Ra8 39. Bh3 Ra3 40.
Kg2 e6 41. dxe6 Ke7 42. Bh6 Nxe6 43. Bxe6 Kxe6 44. Rc8 Rb3 45. Rb8 Bc7 46. Rxb7
Kd7 47. Bg7 Kc6 48. Ra7 Rb2+ 49. Kh3 Rxb4 50. Bxf6 Rb3 51. Kg4 h5+ 52. Kg5 Rxf3
53. Kxg6 Bb6 54. Ra6 Kb5 55. Ra2 Rxg3+ 56. Kxh5 Kc4 57. Rc2+ Kb5 58. Bg5 Bc5
59. Kg6 Bd4 60. Kf5 Rh3 61. Kg4 Rh1 62. h5 Rg1+ 63. Kf5 Rf1+ 64. Ke6 Re1 65.
Kd5 Be5 66. h6 Rg1 67. Be3 Re1 68. Bg5 Rd1+ 69. Ke6 Rg1 70. Bc1 Re1 71. Kf5
Rf1+ 72. Kg4 Rg1+ 73. Kh5 Rh1+ 74. Kg6 Rg1+ 75. Kf7 Rf1+ 76. Ke6 Re1 77. Bg5
Rxe4 78. h7 Re1 79. Rc1 Re2 80. Rh1 Bh8+ 81. Kxd6 Rg2 82. Rh5 Kc4 83. Ke6 Kd3
84. Bf6 Re2+ 85. Kf7 Rf2 86. Rh6 Ke4 87. Ke6 1-0

[Event "Belt and Road Hunan Open 2019"]
[Site "Changsha"]
[Date "2019.07.30"]
[Round "2"]
[White "Le, Quang Liem"]
[Black "Dai, Changren"]
[Result "1/2-1/2"]
[WhiteElo "2713"]
[BlackElo "2510"]
[PlyCount "86"]
[EventDate "2019.07.29"]

1. e4 e5 2. Nf3 Nc6 3. Bb5 a6 4. Ba4 Nf6 5. O-O Be7 6. Re1 b5 7. Bb3 O-O 8. d4
d6 9. c3 Bg4 10. d5 Na5 11. Bc2 Qc8 12. Nbd2 c6 13. b4 Nb7 14. dxc6 Qxc6 15.
Bb2 Nd8 16. Nf1 Ne6 17. h3 Bh5 18. Ng3 Bg6 19. Nh4 Rfe8 20. a4 Rad8 21. Ngf5
Bf8 22. Qf3 Nf4 23. Bb3 d5 24. exd5 N6xd5 25. axb5 axb5 26. Rad1 Bh5 27. g4 Bg6
28. Kh2 Bxf5 29. Nxf5 Nxb4 30. Re4 Rxd1 31. Bxd1 Nbd3 32. Rxf4 e4 33. Qg3 g5
34. Rxe4 Qxe4 35. Bc2 Rd8 36. Bc1 h6 37. Be3 Qe5 38. Bd4 Qxg3+ 39. fxg3 Nc5 40.
Kg2 Ne6 41. Be3 Rc8 42. Bd3 Rxc3 43. Bxb5 Kh7 1/2-1/2

[Event "Belt and Road Hunan Open 2019"]
[Site "Changsha"]
[Date "2019.07.30"]
[Round "2"]
[White "Tan, Zhongyi"]
[Black "Amin, Bassem"]
[Result "1/2-1/2"]
[WhiteElo "2511"]
[BlackElo "2707"]
[PlyCount "148"]
[EventDate "2019.07.29"]

1. d4 Nf6 2. c4 g6 3. Nc3 Bg7 4. e4 O-O 5. Be3 d6 6. h3 Nbd7 7. Nf3 e5 8. d5
Nc5 9. Nd2 a5 10. g4 c6 11. Qc2 a4 12. a3 Qa5 13. O-O-O Bd7 14. Be2 Rfc8 15.
Kb1 Rab8 16. Rdg1 Be8 17. g5 Nh5 18. Bxh5 gxh5 19. Rc1 Kh8 20. h4 f6 21. f3 Bg6
22. Ka2 Rf8 23. Rh2 f5 24. Bxc5 Qxc5 25. Qxa4 fxe4 26. fxe4 Ra8 27. Qb3 Rf7 28.
Re2 Qd4 29. Qb4 Bf8 30. Rce1 Rc7 31. Nb3 Qa7 32. Rf1 Be7 33. dxc6 bxc6 34. c5
Rb7 35. Qc4 Rab8 36. Nc1 d5 37. exd5 Rb4 38. Nb5 R4xb5 39. d6 Bf8 40. Nd3 Bg7
41. b4 Bxd3 42. Qxd3 Rxb4 43. d7 Rd8 44. Rf7 Rbb8 45. Rxe5 Rb2+ 46. Ka1 Rd2 47.
Qc3 Qxa3+ 48. Qxa3 Bxe5+ 49. Kb1 Rb8+ 50. Kc1 Bb2+ 51. Kxd2 Bxa3 52. Re7 Rg8
53. Re8 Bb4+ 54. Kd3 Ba5 55. Ke4 Kg7 56. Ke5 Kf7 57. Rc8 Bd8 58. Rxc6 Ke7 59.
Rh6 Kxd7 60. Rxh7+ Kc6 61. Rxh5 Be7 62. Rh6+ Kxc5 63. Ke6 Rg7 64. Rh8 Kd4 65.
Kf5 Rf7+ 66. Kg6 Rf4 67. Re8 Bd6 68. h5 Be5 69. h6 Ke4 70. Kh7 Rf7+ 71. Kg8 Rb7
72. g6 Kf5 73. g7 Bxg7 74. hxg7 Kf6 1/2-1/2

[Event "Belt and Road Hunan Open 2019"]
[Site "Changsha"]
[Date "2019.07.30"]
[Round "2"]
[White "Matlakov, Maxim"]
[Black "Khademalsharieh, Sarasadat"]
[Result "1/2-1/2"]
[WhiteElo "2701"]
[BlackElo "2481"]
[PlyCount "57"]
[EventDate "2019.07.29"]

1. c4 e5 2. g3 Nf6 3. Bg2 Bc5 4. Nc3 O-O 5. Nf3 Nc6 6. O-O d5 7. cxd5 Nxd5 8.
d3 Bb6 9. Bd2 Re8 10. Nxd5 Qxd5 11. b4 Qd6 12. a4 a6 13. Rb1 Nd4 14. a5 Ba7 15.
Nxd4 exd4 16. b5 axb5 17. Rxb5 c6 18. Rb2 Bc5 19. Bf3 Qd8 20. Qc2 Bd6 21. Ra1
Ra6 22. Ra4 Bc7 23. Qc5 Be5 24. Bf4 Bxf4 25. gxf4 Qf6 26. Rb6 Qg6+ 27. Qg5 Rxb6
28. axb6 Qd6 29. f5 1/2-1/2

[Event "GCT Blitz Paris 2019"]
[Site "Paris FRA"]
[Date "2019.07.31"]
[Round "1"]
[White "Caruana, Fabiano"]
[Black "Nepomniachtchi, Ian"]
[Result "0-1"]
[WhiteElo "2819"]
[BlackElo "2775"]
[PlyCount "96"]
[EventDate "2019.07.31"]

1. e4 d6 2. d4 Nf6 3. Nc3 g6 4. Be3 Bg7 5. Qd2 a6 6. Bh6 O-O 7. O-O-O b5 8. f3
Nc6 9. Nge2 e5 10. d5 Na5 11. Ng3 b4 12. Nb1 c6 13. Bxg7 Kxg7 14. Qxb4 cxd5 15.
exd5 Qc7 16. Qc3 Qb6 17. b3 Bb7 18. Qd2 Nxd5 19. Nc3 Nxc3 20. Qxc3 Rac8 21. Qd2
Nxb3+ 22. axb3 Qxb3 23. Re1 Rxc2+ 24. Qxc2 Rc8 25. Re2 a5 26. Qxc8 Bxc8 27. Rb2
Qe3+ 28. Rd2 Qa3+ 29. Kd1 Qa1+ 30. Ke2 a4 31. Kf2 Qc3 32. Ne4 Qb4 33. Rd1 a3
34. Be2 a2 35. g4 Qb6+ 36. Kg2 Qb2 37. Ng3 d5 38. Rhe1 e4 39. fxe4 dxe4 40. Kg1
Bb7 41. Rf1 Bc6 42. Rde1 Qd4+ 43. Kg2 Ba4 44. Ra1 Qb2 45. Kh3 Bb3 46. g5 Qe5
47. Rac1 Qxg5 48. Nxe4 Be6+ 0-1

[Event "GCT Blitz Paris 2019"]
[Site "Paris FRA"]
[Date "2019.07.31"]
[Round "1"]
[White "Nakamura, Hikaru"]
[Black "Grischuk, Alexander"]
[Result "1-0"]
[WhiteElo "2754"]
[BlackElo "2766"]
[PlyCount "161"]
[EventDate "2019.07.31"]

1. Nf3 d5 2. e3 Nf6 3. c4 e6 4. b3 c5 5. cxd5 exd5 6. Bb2 Nc6 7. Be2 Bd6 8. O-O
O-O 9. d4 cxd4 10. Nxd4 Re8 11. Nd2 Bc7 12. Rc1 Qd6 13. N2f3 Nxd4 14. Qxd4 Bg4
15. Qc5 Qxc5 16. Rxc5 Bb6 17. Rc2 Rac8 18. Rxc8 Rxc8 19. Bd3 Ne4 20. Nd4 Nc5
21. Bf5 Bxf5 22. Nxf5 Rc7 23. Be5 Rd7 24. Bxg7 Ne6 25. Bf6 h5 26. Rd1 Kh7 27.
Bb2 Rc7 28. Rc1 Rxc1+ 29. Bxc1 Bc5 30. Bb2 Kg6 31. Nh4+ Kh7 32. Nf3 Kg6 33. Kf1
a6 34. Ne5+ Kf6 35. Ke2 Ke7 36. Nf3 f6 37. g3 Kf7 38. Kd3 Kg6 39. Nh4+ Kf7 40.
Bc3 Ng5 41. Ng2 Ne6 42. Ne1 Ng5 43. Ke2 Ne6 44. Nf3 Kg6 45. h3 Kf7 46. g4 hxg4
47. hxg4 Kg6 48. Kd3 Kf7 49. Nh4 Ng5 50. Nf5 Ne4 51. f3 Ng5 52. Ke2 Ne6 53. f4
Bf8 54. Ng3 Bc5 55. Bd2 Bd6 56. Nf5 Bf8 57. Bc3 Bc5 58. Kd3 Bf8 59. Bd4 Kg6 60.
Ng3 Kf7 61. Nh5 Be7 62. Ng3 Bf8 63. Ne2 Bb4 64. Bb6 Ke7 65. f5 Ng5 66. Nf4 Kd6
67. Bd8 Ne4 68. Ke2 Bc3 69. Bb6 Be5 70. Ba5 Bc3 71. Bd8 Kd7 72. Bb6 Kc6 73. Bd4
Kd6 74. Kd3 Be1 75. Nh5 Bh4 76. Ke2 b5 77. Nf4 Bg3 78. Nd3 a5 79. a4 b4 80. Bb6
Kd7 81. Bxa5 1-0

[Event "GCT Blitz Paris 2019"]
[Site "Paris FRA"]
[Date "2019.07.31"]
[Round "1"]
[White "Vachier-Lagrave, Maxime"]
[Black "Dubov, Daniil"]
[Result "1-0"]
[WhiteElo "2775"]
[BlackElo "2700"]
[PlyCount "55"]
[EventDate "2019.07.31"]

1. e4 c5 2. Nf3 Nc6 3. c3 e5 4. Bc4 Nf6 5. d3 Be7 6. O-O O-O 7. Re1 d6 8. a4
Rb8 9. Nbd2 a6 10. Nf1 b5 11. Ba2 Be6 12. Ne3 Bxa2 13. Rxa2 b4 14. Nf5 Re8 15.
Bg5 Qd7 16. Nd2 bxc3 17. bxc3 Qe6 18. Nc4 d5 19. Nxe7+ Rxe7 20. exd5 Qxd5 21.
Rae2 Rbe8 22. Bxf6 gxf6 23. Re4 f5 24. Rh4 f4 25. Qg4+ Kh8 26. Qf5 f6 27. Qxf6+
Kg8 28. Rg4+ 1-0

[Event "GCT Blitz Paris 2019"]
[Site "Paris FRA"]
[Date "2019.07.31"]
[Round "1"]
[White "Giri, Anish"]
[Black "Mamedyarov, Shakhriyar"]
[Result "1-0"]
[WhiteElo "2779"]
[BlackElo "2765"]
[PlyCount "72"]
[EventDate "2019.07.31"]

1. e4 e5 2. Nf3 Nc6 3. Bb5 a6 4. Ba4 Nf6 5. O-O Be7 6. d3 d6 7. c3 Bg4 8. Re1
Nd7 9. h3 Bh5 10. Bxc6 bxc6 11. d4 c5 12. Be3 Rb8 13. b3 g5 14. dxc5 dxc5 15.
Nbd2 f6 16. Nf1 c4 17. Ng3 Bf7 18. Nd2 cxb3 19. axb3 Nc5 20. Bxc5 Bxc5 21. b4
Bb6 22. Qe2 O-O 23. Nc4 Qc8 24. Nf5 Kh8 25. Nce3 Rd8 26. Rxa6 Ra8 27. Rxa8 Qxa8
28. Ng4 Qc6 29. Rd1 Ra8 30. Qf3 Bb3 31. Rd6 Qe8 32. Rxf6 Rd8 33. Nfe3 Qe7 34.
Qf5 Bg8 35. Nxe5 Rd6 36. Nf7+ Kg7 1-0

[Event "GCT Blitz Paris 2019"]
[Site "Paris FRA"]
[Date "2019.07.31"]
[Round "2"]
[White "Mamedyarov, Shakhriyar"]
[Black "Anand, Viswanathan"]
[Result "1-0"]
[WhiteElo "2765"]
[BlackElo "2764"]
[PlyCount "75"]
[EventDate "2019.07.31"]

1. d4 Nf6 2. Bg5 d5 3. Bxf6 gxf6 4. e3 c5 5. Nf3 Nc6 6. c4 cxd4 7. exd4 Be6 8.
Nc3 Bg7 9. a3 O-O 10. Be2 f5 11. c5 f4 12. Qa4 Bg4 13. Rd1 e6 14. h3 Bh5 15.
O-O Qf6 16. Nh2 Bg6 17. Bb5 Ne7 18. Rfe1 a6 19. Bd3 Bh5 20. Be2 Bg6 21. Bd3 Nc6
22. Bxg6 Qxg6 23. Ne2 Qf5 24. Qb3 Rab8 25. Nf3 Kh8 26. Qd3 Qxd3 27. Rxd3 b6 28.
b4 bxc5 29. bxc5 Bh6 30. Ne5 Nxe5 31. dxe5 Rfc8 32. Rc3 Rb5 33. c6 Bg7 34. Nd4
Ra5 35. Nf3 Ra4 36. Rb1 d4 37. c7 dxc3 38. Rb8 1-0

[Event "GCT Blitz Paris 2019"]
[Site "Paris FRA"]
[Date "2019.07.31"]
[Round "2"]
[White "Nepomniachtchi, Ian"]
[Black "Duda, Jan-Krzysztof"]
[Result "1/2-1/2"]
[WhiteElo "2775"]
[BlackElo "2729"]
[PlyCount "88"]
[EventDate "2019.07.31"]

1. e4 d5 2. exd5 Qxd5 3. Nc3 Qd8 4. d4 Nf6 5. h3 g6 6. Nf3 Bg7 7. Bc4 O-O 8.
O-O Nc6 9. Re1 e6 10. Bf4 a6 11. Qd2 b6 12. Rad1 Bb7 13. Bh6 Ne7 14. Bxg7 Kxg7
15. Ne5 Nf5 16. Bf1 b5 17. a3 Qd6 18. g4 Nh4 19. Qg5 Qxe5 20. Qxh4 Qf4 21. Re3
Rad8 22. Ne2 Qd6 23. Qg3 Qxg3+ 24. Rxg3 c5 25. Rgd3 Be4 26. R3d2 c4 27. Nc3 Bc6
28. Bg2 Bxg2 29. Kxg2 Rd7 30. g5 Nd5 31. Ne4 c3 32. Nxc3 Nxc3 33. bxc3 Rc8 34.
Rd3 Rdc7 35. a4 bxa4 36. Ra1 Rxc3 37. Rxc3 Rxc3 38. Rxa4 Rxc2 39. Rxa6 Rd2 40.
Ra4 Rd3 41. f3 h5 42. h4 Rb3 43. Kg3 Rb5 44. Rc4 Rb3 1/2-1/2

[Event "GCT Blitz Paris 2019"]
[Site "Paris FRA"]
[Date "2019.07.31"]
[Round "2"]
[White "Grischuk, Alexander"]
[Black "Vachier-Lagrave, Maxime"]
[Result "1-0"]
[WhiteElo "2766"]
[BlackElo "2775"]
[PlyCount "97"]
[EventDate "2019.07.31"]

1. d4 Nf6 2. c4 g6 3. h4 Bg7 4. Nc3 d6 5. e4 Nc6 6. Nge2 Nh5 7. Bg5 O-O 8. Qd2
f6 9. Be3 f5 10. exf5 Bxf5 11. f3 e5 12. d5 Nd4 13. O-O-O Nxe2+ 14. Nxe2 e4 15.
g4 exf3 16. gxf5 fxe2 17. Bxe2 Ng3 18. fxg6 Nxh1 19. Rxh1 Qf6 20. h5 Rae8 21.
h6 Qxb2+ 22. Qxb2 Bxb2+ 23. Kd2 hxg6 24. Bg4 b6 25. Be6+ Kh7 26. a4 a5 27. Ke2
Be5 28. Rh4 Bc3 29. Rh3 Bb4 30. Bd4 Bc5 31. Bg7 Rf2+ 32. Kd3 Re7 33. Rg3 Bb4
34. Ke3 Bc5+ 35. Kd3 c6 36. Kc3 cxd5 37. cxd5 Bb4+ 38. Kc4 Bd2 39. Rh3 Rf4+ 40.
Kb5 Rb4+ 41. Kc6 Bf4 42. Bg8+ Kxg8 43. h7+ Kf7 44. h8=Q Rc4+ 45. Kb5 Rc5+ 46.
Ka6 Re8 47. Qh7 Ke7 48. Be5+ Kd8 49. Bxf4 1-0

[Event "GCT Blitz Paris 2019"]
[Site "Paris FRA"]
[Date "2019.07.31"]
[Round "2"]
[White "Caruana, Fabiano"]
[Black "Nakamura, Hikaru"]
[Result "1-0"]
[WhiteElo "2819"]
[BlackElo "2754"]
[PlyCount "81"]
[EventDate "2019.07.31"]

1. e4 d5 2. exd5 Qxd5 3. Nc3 Qd6 4. d4 Nf6 5. Nf3 g6 6. Nb5 Qd8 7. c4 c6 8. Nc3
Bg4 9. Be2 Bg7 10. h3 Bxf3 11. Bxf3 Nbd7 12. O-O O-O 13. Re1 Re8 14. Bf4 e6 15.
Qc2 Nb6 16. Qd3 Nfd7 17. Rad1 e5 18. dxe5 Bxe5 19. Bxe5 Nxe5 20. Rxe5 Qxd3 21.
Rxe8+ Rxe8 22. Rxd3 Nxc4 23. Ne4 Re7 24. b3 Ne5 25. Rd8+ Kg7 26. Kf1 b6 27. Nd6
Nxf3 28. gxf3 Kf6 29. Nc4 c5 30. a4 Kg5 31. Kg2 f5 32. Kg3 Re1 33. f4+ Kh6 34.
Ne5 Rb1 35. Rg8 Kh5 36. Rg7 Rxb3+ 37. f3 Kh6 38. Rxa7 Rb4 39. Nf7+ Kh5 40. Ng5
h6 41. Rh7 1-0